[Event "Niedersachsen-ch Seniors op 14th"]
[Site "Bad Bevensen"]
[Date "2011.07.13"]
[Round "9"]
[White "Hadlich, Winfried"]
[Black "Schneider, Siegfried"]
[Result "1-0"]
[WhiteElo "1745"]
[BlackElo "1589"]
[PlyCount "121"]
[EventDate "2011.07.05"]
[EventType "swiss"]
[EventRounds "9"]
[EventCountry "GER"]
[SourceTitle "EXT 2012"]
[Source "ChessBase"]
[SourceDate "2011.11.24"]
[SourceVersion "1"]
[SourceVersionDate "2011.11.24"]
[SourceQuality "1"]

1. d4 d5 2. Nf3 Nf6 3. Bf4 e6 4. e3 Be7 5. h3 Nbd7 6. c3 b6 7. Bb5 0-0 8. Bc6 Rb8 9. Qe2 a5 10. a4 Bb7 11. Qb5 Bd6 12. Ne5 Bxc6 13. Nxc6 Qe8 14. Bxd6 cxd6 15. Nxb8 Qxb8 16. Nd2 e5 17. 0-0 Rd8 18. c4 dxc4 19. Nxc4 exd4 20. exd4 d5 21. Ne3 Nf8 22. Rac1 Ne6 23. Rfd1 Ne4 24. Nxd5 Qd6 25. Nc3 Nf6 26. Qe5 Qb4 27. d5 Nc5 28. Rc2 Re8 29. Qd4 Qb3 30. Re2 Rd8 31. d6 Ne6 32. Qe5 h6 33. Qb5 Qxb5 34. Nxb5 Nc5 35. Rd4 Ne6 36. Rc4 Nc5 37. f3 Kf8 38. b4 axb4 39. Rxb4 Nd5 40. Rd4 Nf6 41. Rc2 Nfd7 42. Nc7 Nb7 43. Rb2 Nbc5 44. Rb5 Ne6 45. Nxe6+ fxe6 46. a5 bxa5 47. Rxa5 e5 48. Rd1 Kf7 49. f4 exf4 50. Rf5+ Ke6 51. Rxf4 Nf6 52. Re1+ Kf7 53. Re7+ Kg6 54. Rd4 Nd7 55. Rg4+ Kf6 56. Rgxg7 Nf8 57. Rgf7+ Kg6 58. d7 Ne6 59. Rf2 Nc5 60. Rd2 Kf6 61. Re8 1-0

[Event "Niedersachsen-ch Seniors op 14th"]
[Site "Bad Bevensen"]
[Date "2011.07.07"]
[Round "3"]
[White "Huhn, Ulrich"]
[Black "Schneider, Siegfried"]
[Result "1-0"]
[WhiteElo "1830"]
[BlackElo "1589"]
[PlyCount "48"]
[EventDate "2011.07.05"]
[EventType "swiss"]
[EventRounds "9"]
[EventCountry "GER"]
[SourceTitle "EXT 2012"]
[Source "ChessBase"]
[SourceDate "2011.11.24"]
[SourceVersion "1"]
[SourceVersionDate "2011.11.24"]
[SourceQuality "1"]

1. d4 d5 2. Nc3 e6 3. Nf3 Nf6 4. Bg5 Be7 5. e3 Nbd7 6. Be2 0-0 7. a4 b6 8. 0-0 Bb7 9. h3 Ne4 10. Bxe7 Qxe7 11. Ne5 f6 12. Nxd7 Qxd7 13. Nxe4 dxe4 14. Bc4 Bd5 15. Bb5 Qd6 16. Qe2 c6 17. Ba6 c5 18. Rad1 Rad8 19. Rd2 Qc7 20. c3 c4 21. Bb5 Rd6 22. Qd1 Ra8 23. a5 bxa5 24. Ba4 Rb8 1-0

[Event "GER-ch Seniors 22nd"]
[Site "Berlin"]
[Date "2010.08.18"]
[Round "3"]
[White "Mertens, Gottfried"]
[Black "Schneider, Siegfried"]
[Result "1-0"]
[WhiteElo "1762"]
[BlackElo "1611"]
[PlyCount "77"]
[EventDate "2010.08.16"]
[EventType "swiss"]
[EventRounds "9"]
[EventCountry "GER"]
[SourceTitle "CBM 138 Extra"]
[Source "ChessBase"]
[SourceDate "2010.10.29"]
[SourceVersion "1"]
[SourceVersionDate "2010.10.29"]
[SourceQuality "1"]

1. f4 d6 2. Nf3 Nc6 3. e4 Nf6 4. Nc3 Bd7 5. d4 e6 6. a3 a6 7. Bd3 g6 8. 0-0 Bg7 9. f5 e5 10. dxe5 dxe5 11. Bg5 h6 12. Bxf6 Bxf6 13. Nd5 Bg7 14. fxg6 fxg6 15. Bc4 Rf8 16. Nh4 Qxh4 17. Nxc7+ Kd8 18. Rxf8+ Bxf8 19. Nxa8 Qe7 20. b4 Nd4 21. Nb6 Qg5 22. Nxd7 Kxd7 23. Qd3 Kc8 24. c3 Nc6 25. Bd5 Na7 26. Rf1 Be7 27. Qc4+ Kb8 28. Qd3 Nb5 29. a4 Nc7 30. Kh1 Ne8 31. a5 Nd6 32. c4 h5 33. b5 axb5 34. cxb5 Ka7 35. b6+ Kb8 36. a6 Bd8 37. Rb1 Qe7 38. axb7 Nxb7 39. Qa6 1-0

[Event "GER-ch Seniors 22nd"]
[Site "Berlin"]
[Date "2010.08.17"]
[Round "2"]
[White "Schneider, Siegfried"]
[Black "Reinemann, Guenter"]
[Result "0-1"]
[WhiteElo "1611"]
[BlackElo "1819"]
[PlyCount "92"]
[EventDate "2010.08.16"]
[EventType "swiss"]
[EventRounds "9"]
[EventCountry "GER"]
[SourceTitle "CBM 138 Extra"]
[Source "ChessBase"]
[SourceDate "2010.10.29"]
[SourceVersion "1"]
[SourceVersionDate "2010.10.29"]
[SourceQuality "1"]

1. e4 a6 2. d4 b5 3. Nf3 Bb7 4. Bd3 e6 5. Be3 Nf6 6. Nbd2 Be7 7. h3 Qc8 8. 0-0 c5 9. dxc5 Bxc5 10. Bxc5 Qxc5 11. Re1 Nc6 12. Nb3 Qe7 13. Qd2 h6 14. a3 g5 15. Rad1 Rc8 16. c3 Rg8 17. Nbd4 g4 18. hxg4 Nxg4 19. Nf5 exf5 20. exf5 Nce5 21. Nxe5 Nxe5 22. Rxe5 Qxe5 23. Re1 Rxg2+ 24. Kf1 Qxe1+ 25. Qxe1+ Kf8 26. Be4 Re8 27. f3 Bxe4 28. fxe4 Rg4 29. Qe3 Rexe4 30. Qxh6+ Ke7 31. Qxa6 Rgf4+ 32. Kg1 Rxf5 33. Qh6 Rg4+ 34. Kh2 Rff4 35. Qb6 Rf6 36. Qc5+ Kd8 37. Qh5 Rfg6 38. Qh8+ Rg8 39. Qf6+ Kc7 40. Qe5+ Kc6 41. Qh5 R8g5 42. Qh3 f5 43. b4 Kd5 44. Qd3+ Ke6 45. Qe3+ Kf7 46. Qh3 Kg6 0-1

[Event "GER-ch Seniors Gp-A 19th"]
[Site "Templin"]
[Date "2007.08.31"]
[Round "9"]
[White "Schneider, Siegfried"]
[Black "Pfueller, Volker"]
[Result "1/2-1/2"]
[WhiteElo "1664"]
[BlackElo "1681"]
[PlyCount "60"]
[EventDate "2007.08.23"]
[EventType "swiss"]
[EventRounds "9"]
[EventCountry "GER"]
[SourceTitle "EXT 2022"]
[Source "ChessBase"]
[SourceDate "2021.10.06"]
[SourceVersion "1"]
[SourceVersionDate "2021.10.06"]
[SourceQuality "1"]

1. d4 d5 2. Nf3 e6 3. e3 Nf6 4. Bd3 c5 5. c3 c4 6. Bc2 Be7 7. 0-0 0-0 8. Nbd2 Nc6 9. Re1 Qc7 10. e4 dxe4 11. Nxe4 Nxe4 12. Bxe4 Bf6 13. Qc2 g6 14. Bh6 Re8 15. h4 Ne7 16. h5 Bd7 17. Bg5 Bxg5 18. Nxg5 f5 19. Bf3 Nd5 20. hxg6 hxg6 21. g4 Qd8 22. Qd2 Qf6 23. Bxd5 exd5 24. f4 Qh8 25. Re5 Bc6 26. Rae1 Kf8 27. Rxe8+ Rxe8 28. Rxe8+ Bxe8 29. Qe3 Bf7 30. Nxf7 Kxf7 1/2-1/2

[Event "GER-ch Seniors Gp-A 19th"]
[Site "Templin"]
[Date "2007.08.24"]
[Round "2"]
[White "Schneider, Siegfried"]
[Black "Langer, Wolfgang2"]
[Result "1/2-1/2"]
[WhiteElo "1664"]
[BlackElo "1868"]
[PlyCount "55"]
[EventDate "2007.08.23"]
[EventType "swiss"]
[EventRounds "9"]
[EventCountry "GER"]
[SourceTitle "EXT 2022"]
[Source "ChessBase"]
[SourceDate "2021.10.06"]
[SourceVersion "1"]
[SourceVersionDate "2021.10.06"]
[SourceQuality "1"]

1. d4 Nf6 2. b3 g6 3. Bb2 Bg7 4. Nf3 0-0 5. e3 d6 6. Nbd2 Nbd7 7. c4 c6 8. Be2 Re8 9. 0-0 e5 10. dxe5 dxe5 11. Qc2 e4 12. Nd4 a6 13. Qd1 c5 14. Nc2 Ne5 15. Ne1 Qc7 16. Qc2 Bf5 17. Bxe5 Qxe5 18. Rd1 Rad8 19. Nb1 Ng4 20. Bxg4 Bxg4 21. Rc1 Qh5 22. f3 exf3 23. Nxf3 Rxe3 24. Rfd1 Bd4 25. Nxd4 cxd4 26. Qf2 Re7 27. Rxd4 Rxd4 28. Qxd4 1/2-1/2

[Event "Wch Seniors 14th"]
[Site "Halle"]
[Date "2004.11.03"]
[Round "9"]
[White "Schneider, Siegfried"]
[Black "Ruckwied, Walter"]
[Result "1/2-1/2"]
[WhiteElo "2019"]
[BlackElo "1651"]
[PlyCount "68"]
[EventDate "2004.10.24"]
[EventType "swiss"]
[EventRounds "11"]
[EventCountry "GER"]
[SourceTitle "EXT 2005"]
[Source "ChessBase"]
[SourceDate "2004.11.15"]
[SourceVersion "1"]
[SourceVersionDate "2004.11.15"]
[SourceQuality "1"]

1. e4 e5 2. Nf3 Nc6 3. d4 exd4 4. Bc4 Be7 5. Nxd4 d6 6. Nxc6 bxc6 7. 0-0 Be6 8. Bd3 Bf6 9. c3 Ne7 10. Nd2 g6 11. f4 Bd7 12. Nf3 Qb8 13. Qe2 c5 14. e5 Bg7 15. exd6 cxd6 16. Be4 Bf6 17. Bxa8 Qxa8 18. Rd1 Qc6 19. Be3 Kf8 20. Rd2 Bg4 21. Qf2 Kg7 22. Rad1 Nf5 23. Re1 Re8 24. Rde2 h5 25. Bd2 Rxe2 26. Rxe2 Qd5 27. a3 Nh4 28. Re3 Nf5 29. Re8 Bxf3 30. gxf3 Nh4 31. Re3 Nf5 32. Re1 Bh4 33. Qe2 Bxe1 34. Bxe1 Qb7 1/2-1/2